Statistics for Islands in U.S.A

Click here to take the quiz!

General Stats

  • This quiz has been taken 34 times
    (29 since last reset)
  • The average score is 5 of 13

Answer Stats

HintAnswer% Correct
West PacificGuam
92%
West IndiesPuerto Rico
73%
South PacificAmerican Samoa
65%
Central PacificMidway
42%
Central PacificWake
38%
West IndiesU.S Virgin
35%
South PacificHowland
27%
West PacificNorthern Mariana
27%
South PacificBaker
19%
South PacificJarvis
19%
Central PacificJohnston Atoll
19%
Central PacificPalmyra
19%
West IndiesNavassa
8%

Score Distribution

Percentile by Number Answered

Percent of People with Each Score

Your Score History

You have not taken this quiz since the last reset